| 000 | 00408nam a22001337a 4500 | ||
|---|---|---|---|
| 082 |
_a345.54910262 _bCHA |
||
| 100 | _aChaudhary Muhammad Irfan-ul-Haq | ||
| 245 |
_aThe illegal dispossession _b(Act, XI of 2005)/ _cMuhammad Irfan-ul-Haq Chaudhary |
||
| 250 | _aEdition-2023. | ||
| 260 |
_aLahore _bAl Haq Law Book Centre _c2023 |
||
| 300 |
_a396,p. _c24,cm. |
||
| 650 |
_aLaw _935302 |
||
| 942 |
_2ddc _cBK |
||
| 999 |
_c613094 _d613094 |
||